Laicidad, religión y biopolítica en el mundo contemporáneo / (Registro nro. 60680)

Detalles MARC
000 -LEADER
campo de control de longitud fija 03580nam a2200481 i 4500
001 - NÚMERO DE CONTROL
campo de control 60680
003 - IDENTIFICADOR DE NÚMERO DE CONTROL
campo de control FINmELB
005 - FECHA Y HORA DE LA ÚLTIMA TRANSACCIÓN
campo de control 20241217142115.0
006 - CÓDIGOS DE INFORMACIÓN DE LONGITUD FIJA--CARACTERÍSTICAS DEL MATERIAL ADICIONAL
campo de control de longitud fija m o u
007 - CAMPO FIJO DE DESCRIPCIÓN FÍSICA--INFORMACIÓN GENERAL
campo de control de longitud fija cr cn|||||||||
008 - DATOS DE LONGITUD FIJA--INFORMACIÓN GENERAL
campo de control de longitud fija 220128s2014 mx a fob 000 0 spa d
020 ## - NÚMERO INTERNACIONAL ESTÁNDAR DEL LIBRO
ISBN cancelado o inválido 9786074625745
020 ## - NÚMERO INTERNACIONAL ESTÁNDAR DEL LIBRO
Número Internacional Estándar del Libro 9786074626223
Información calificativa (e-book)
035 ## - NÚMERO DE CONTROL DEL SISTEMA
Número de control de sistema (OCoLC)995304238
040 ## - FUENTE DE CATALOGACIÓN
Centro catalogador/agencia de origen FINmELB
Lengua de catalogación spa
Normas de descripción rda
Centro/agencia transcriptor FINmELB
050 #4 - SIGNATURA TOPOGRÁFICA DE LA BIBLIOTECA DEL CONGRESO
Número de clasificación BL65.S8
082 04 - NÚMERO DE LA CLASIFICACIÓN DECIMAL DEWEY
Número de clasificación 04
-- 322.1
Información de edición 23
245 00 - MENCIÓN DEL TÍTULO
Título Laicidad, religión y biopolítica en el mundo contemporáneo /
Mención de responsabilidad, etc. Roberto Blancarte, coordinador.
250 ## - MENCION DE EDICION
Mención de edición Primera edición.
264 #1 - PRODUCCIÓN, PUBLICACIÓN, DISTRIBUCIÓN, FABRICACIÓN Y COPYRIGHT
Producción, publicación, distribución, fabricación y copyright México, D.F. :
Nombre del de productor, editor, distribuidor, fabricante El Colegio de México, Centro de Estudios Sociológicos :
-- Universidad Nacional Autónoma de México,
Fecha de producción, publicación, distribución, fabricación o copyright 2014.
300 ## - DESCRIPCIÓN FÍSICA
Extensión 1 recurso en línea (228 páginas) :
Otras características físicas ilustraciones
336 ## - TIPO DE CONTENIDO
Término de tipo de contenido texto
Código de tipo de contenido txt
Fuente rdacontent/spa
337 ## - TIPO DE MEDIO
Nombre/término del tipo de medio computadora
Código del tipo de medio c
Fuente rdamedia/spa
338 ## - TIPO DE SOPORTE
Nombre/término del tipo de soporte recurso en línea
Código del tipo de soporte cr
Fuente rdacarrier/spa
504 ## - NOTA DE BIBLIOGRAFÍA, ETC.
Nota de bibliografía, etc. Nota Incluye referencias bibliográficas.
505 00 - NOTA DE CONTENIDO CON FORMATO
Título Introducción /
Mención de responsabilidad Roberto J. Blancarte --
Título Religiones y política Europa /
Mención de responsabilidad Roberto Cipriani --
Título La importancia de la religión católica en el espacio público: el caso italiano /
Mención de responsabilidad Franco Garelli --
Título La condición de laicidad en la Turquía contemporánea: los sunitas y los alevitas en las últimas décadas /
Mención de responsabilidad Fatma Súndal --
Título Amplitud y límites de las libertades y la igualdad en el régimen laico canadiense /
Mención de responsabilidad Micheline Milot --
Título Las relaciones Estado-Iglesia en el Brasil del siglo XXI /
Mención de responsabilidad Roberto Arriada Lorea --
Título Bioética, laicidad y deliberación pública /
Mención de responsabilidad Rodolfo Vázquez --
Título La Libertad de elegir cómo no vivir /
Mención de responsabilidad Asunción Alvarez del Río --
Título Reflexiones sobre la conexión entre biótica y las libertades en el contexto de la salud /
Mención de responsabilidad Marcia Mocellin Ramundo --
Título De Bush a Obama: bioética y teología en Estados Unidos nuevos retos a la separación entre iglesia y Estado /
Mención de responsabilidad Frances Kissling.
505 0# - NOTA DE CONTENIDO CON FORMATO
Nota de contenido con formato Introducción / Roberto J. Blancarte -- Religiones y política Europa / Roberto Cipriani -- La importancia de la religión católica en el espacio público: el caso italiano / Franco Garelli -- La condición de laicidad en la Turquía contemporánea: los sunitas y los alevitas en las últimas décadas / Fatma Súndal -- Amplitud y límites de las libertades y la igualdad en el régimen laico canadiense / Micheline Milot -- Las relaciones Estado-Iglesia en el Brasil del siglo XXI / Roberto Arriada Lorea -- Bioética, laicidad y deliberación pública / Rodolfo Vázquez -- La Libertad de elegir cómo no vivir / Asunción Alvarez del Río -- Reflexiones sobre la conexión entre biótica y las libertades en el contexto de la salud /Marcia Mocellin Ramundo -- De Bush a Obama: bioética y teología en Estados Unidos nuevos retos a la separación entre iglesia y Estado / Frances Kissling.
588 ## - NOTA DE FUENTE DE LA DESCRIPCIÓN
Nota de fuente de la descripción Descripción basada en metadatos suministrados por el editor y otras fuentes.
590 ## - NOTA LOCAL (RLIN)
Nota local Recurso electrónico. Santa Fe, Arg.: elibro, 2022. Disponible vía World Wide Web. El acceso puede estar limitado para las bibliotecas afiliadas a elibro.
650 #0 - PUNTO DE ACCESO ADICIONAL DE MATERIA--TÉRMINO DE MATERIA
Término de materia o nombre geográfico como elemento de entrada Religion and state.
650 #0 - PUNTO DE ACCESO ADICIONAL DE MATERIA--TÉRMINO DE MATERIA
Término de materia o nombre geográfico como elemento de entrada Church and state.
650 #0 - PUNTO DE ACCESO ADICIONAL DE MATERIA--TÉRMINO DE MATERIA
Término de materia o nombre geográfico como elemento de entrada Religion and politics.
650 #0 - PUNTO DE ACCESO ADICIONAL DE MATERIA--TÉRMINO DE MATERIA
Término de materia o nombre geográfico como elemento de entrada Laicism.
650 #0 - PUNTO DE ACCESO ADICIONAL DE MATERIA--TÉRMINO DE MATERIA
Término de materia o nombre geográfico como elemento de entrada Biopolitics.
650 #4 - PUNTO DE ACCESO ADICIONAL DE MATERIA--TÉRMINO DE MATERIA
Término de materia o nombre geográfico como elemento de entrada Religión y Estado.
650 #4 - PUNTO DE ACCESO ADICIONAL DE MATERIA--TÉRMINO DE MATERIA
Término de materia o nombre geográfico como elemento de entrada Religión y política.
650 #4 - PUNTO DE ACCESO ADICIONAL DE MATERIA--TÉRMINO DE MATERIA
Término de materia o nombre geográfico como elemento de entrada Laicidad.
650 #4 - PUNTO DE ACCESO ADICIONAL DE MATERIA--TÉRMINO DE MATERIA
Término de materia o nombre geográfico como elemento de entrada Biopolítica.
655 #4 - TERMINO DE INDIZACIÓN--GENERO/FORMA
Datos o término principal de género/forma Libros electrónicos.
700 1# - ENTRADA AGREGADA--NOMBRE PERSONAL
Nombre de persona Blancarte, Roberto,
Término indicativo de función/relación coordinador.
797 2# - PUNTO DE ACCESO ADICIONAL LOCAL--NOMBRE DE ENTIDAD CORPORATIVA (RLIN)
Nombre de entidad corporativa o nombre de jurisdicción como elemento de entrada elibro, Corp.
856 40 - LOCALIZACIÓN Y ACCESO ELECTRÓNICOS
Identificador Uniforme de Recurso <a href="https://elibro.net/ereader/politecnicointernacional/193708">https://elibro.net/ereader/politecnicointernacional/193708</a>

No hay ítems disponibles.


Politécnico Internacional

Institución de Educación Superior
Vigilado Mineducación.
SNES 4727 +4135 DEL 11 de nov. de 2004

Sedes

Sede Norte - Av. Boyacá 138 - 70

Sede Sur - Autopista Sur No 67 - 71

Sede Av Chile - Calle 73 Nº 10-45

Información Legal

Derechos Pecuniarios | Habeas Data | Reglamento Biblioteca


Compartir

YouTube | Twitter | Facebook | LinkedIn


Comunícate con nosotros:

Admisiones: 60-1-7950000
Atención al cliente: 60-1-4005700